Normal view
MARC view
Entry Personal Name
001 - CONTROL NUMBER
- control field: 144591
003 - CONTROL NUMBER IDENTIFIER
- control field:
005 - DATE AND TIME OF LATEST TRANSACTION
- control field: 20210601191132.0
008 - FIXED-LENGTH DATA ELEMENTS
- fixed length control field: 210601|| aca||aabn | a|a d
040 ## - CATALOGING SOURCE
- Original cataloging agency:
- Transcribing agency:
100 ## - HEADING--PERSONAL NAME
- Personal name: Forbes, T. L.
- Fuller form of name: (Thomas L.)
670 ## - SOURCE DATA FOUND
- Source citation: Work cat.: (): Forbes, V. E. (Valery E.) 144587, Ecotoxicology in theory and practice /, 1994
